000 00242nam a2200097Ia 4500
008 170620s9999 xx 000 0 und d
100 _aSukla- C.S.
245 0 _aSchool Sawastha Vigyan
260 _bMeerut; International Publishing House
260 _c2008
300 _a264
999 _c28227
_d28227